| 000 | 00805nam a2200193Ii 4500 | ||
|---|---|---|---|
| 003 | JO-AjNU | ||
| 008 | 230605s9999||||xx |||||||||||||| ||und|| | ||
| 040 |
_aJO-AjNU _bara _erda _cJO-AjNU |
||
| 041 | _aara | ||
| 050 | 1 | 4 | _aKMM63 1990 |
| 100 | 3 |
_aالكويت، مجلس الوزراء مكتب وزير الدولة للشئون القانونية والإدارية, _eauthor _946373 |
|
| 245 | 0 | 0 | _aالقانون المدني |
| 264 | 3 | 1 | _aالكويت، مجلس الوزراء مكتب وزير الدولة للشئون القانونية والإدارية، 1990 |
| 300 | _a318ص | ||
| 336 |
_atext _btxt _2rdacontent |
||
| 337 |
_aunmediated _bn _2rdamedia |
||
| 338 |
_avolume _bnc _2rdacarrier |
||
| 650 | 4 |
_aالقانون المدني - المحاكم المدنية - الكويت _946374 |
|
| 999 |
_aA20168 _c23736 _d23736 |
||